=LDR 00000nam 2200000 4500 =001 INLIS000000000011201 =005 20130612102805 =008 ***********************************Ind** =035 ##$$0010-061300000011201 =041 ##$$a Ind =082 ##$$a 574.07 =090 ##$$a 574.07, Pel p =245 ##$$a Pelajaran Biologi 3c, Program Pendidkan Dasar kurikulum 1994 SLTP kelas 3 cawu III SLTP editor Ir.Maspoe'ah =260 ##$$a 12994 $b Semarang =300 ##$$a VII-56 hlm., Ilus, 28 cm =700 ##$$a Editor, Maspu'ah =850 ##$$a NBPNMAT